Vybrané problémy účtovníctva v akciovej spoločnosti bakalárska práca

Gespeichert in:
Bibliographische Detailangaben
1. Verfasser: Schmausová, Patrícia
Körperschaft: Fakulta hospodárskej informatiky EU. Katedra účtovníctva a audítorstva
Weitere Verfasser: Mateášová, Martina, 1979-
Format: Buch
Sprache:Slowakisch
Veröffentlicht: Bratislava 2009
Tags: Tag hinzufügen
Keine Tags, Fügen Sie das erste Tag hinzu!

MARC

LEADER 00000nam$a2200000$$$4500
001 0103854
005 20240318135031.4
041 0 |a slo 
044 |a SK 
245 1 0 |a Vybrané problémy účtovníctva v akciovej spoločnosti  |b bakalárska práca  |c Patrícia Schmausová ; škol. Martina Mateášová 
264 1 |a Bratislava  |c 2009 
300 |a 28 s. 
100 1 |a Schmausová, Patrícia 
700 1 |a Mateášová, Martina, 1979- 
710 2 |a Fakulta hospodárskej informatiky EU. Katedra účtovníctva a audítorstva